<?xml version="1.0" encoding="UTF-8"?>
<record
    xmlns:xsi="http://www.w3.org/2001/XMLSchema-instance"
    xsi:schemaLocation="http://www.loc.gov/MARC21/slim http://www.loc.gov/standards/marcxml/schema/MARC21slim.xsd"
    xmlns="http://www.loc.gov/MARC21/slim">

  <leader>00411nam a22001697a 4500</leader>
  <controlfield tag="003">SGT</controlfield>
  <datafield tag="020" ind1=" " ind2=" ">
    <subfield code="a">9788131266304</subfield>
  </datafield>
  <datafield tag="082" ind1=" " ind2=" ">
    <subfield code="a">618</subfield>
    <subfield code="b">H18K</subfield>
  </datafield>
  <datafield tag="100" ind1=" " ind2=" ">
    <subfield code="a">KUMAR, SUNESH,ed.</subfield>
  </datafield>
  <datafield tag="245" ind1=" " ind2=" ">
    <subfield code="a">HOWKIN'S &amp; BOURNE SHAW'S TESTBOOK OF GYNAECOLOGY</subfield>
  </datafield>
  <datafield tag="250" ind1=" " ind2=" ">
    <subfield code="a">18TH</subfield>
  </datafield>
  <datafield tag="260" ind1=" " ind2=" ">
    <subfield code="a">NEW DELHI</subfield>
    <subfield code="b">ELSEVIER</subfield>
    <subfield code="c">2018</subfield>
  </datafield>
  <datafield tag="300" ind1=" " ind2=" ">
    <subfield code="a">588</subfield>
  </datafield>
  <datafield tag="650" ind1=" " ind2=" ">
    <subfield code="a">GYNAECOLOGY</subfield>
  </datafield>
  <datafield tag="653" ind1=" " ind2=" ">
    <subfield code="a">HOWKIN ,  BOURNE , GYNAECOLOGY</subfield>
  </datafield>
  <datafield tag="942" ind1=" " ind2=" ">
    <subfield code="2">ddc</subfield>
    <subfield code="c">BK</subfield>
    <subfield code="0">1</subfield>
  </datafield>
  <datafield tag="952" ind1=" " ind2=" ">
    <subfield code="0">0</subfield>
    <subfield code="1">0</subfield>
    <subfield code="2">ddc</subfield>
    <subfield code="4">0</subfield>
    <subfield code="7">0</subfield>
    <subfield code="8">FA</subfield>
    <subfield code="a">APL</subfield>
    <subfield code="b">APL</subfield>
    <subfield code="c">TXT</subfield>
    <subfield code="d">2023-08-01</subfield>
    <subfield code="e">ABC PVT.</subfield>
    <subfield code="g">1495.00</subfield>
    <subfield code="i">SGTU</subfield>
    <subfield code="l">0</subfield>
    <subfield code="o">618 H18K</subfield>
    <subfield code="p">FA11801</subfield>
    <subfield code="r">2023-08-01 00:00:00</subfield>
    <subfield code="w">2023-06-16</subfield>
    <subfield code="y">BK</subfield>
    <subfield code="k">16908</subfield>
  </datafield>
  <datafield tag="952" ind1=" " ind2=" ">
    <subfield code="0">0</subfield>
    <subfield code="1">0</subfield>
    <subfield code="2">ddc</subfield>
    <subfield code="4">0</subfield>
    <subfield code="7">0</subfield>
    <subfield code="8">FA</subfield>
    <subfield code="a">APL</subfield>
    <subfield code="b">APL</subfield>
    <subfield code="c">TXT</subfield>
    <subfield code="d">2023-08-01</subfield>
    <subfield code="e">ABC PVT.</subfield>
    <subfield code="g">1495.00</subfield>
    <subfield code="i">SGTU</subfield>
    <subfield code="l">4</subfield>
    <subfield code="o">618 H18K</subfield>
    <subfield code="p">FA11802</subfield>
    <subfield code="r">2025-05-28 00:00:00</subfield>
    <subfield code="s">2025-05-27</subfield>
    <subfield code="w">2023-06-16</subfield>
    <subfield code="y">BK</subfield>
    <subfield code="k">16908</subfield>
  </datafield>
  <datafield tag="952" ind1=" " ind2=" ">
    <subfield code="0">0</subfield>
    <subfield code="1">0</subfield>
    <subfield code="2">ddc</subfield>
    <subfield code="4">0</subfield>
    <subfield code="5">1</subfield>
    <subfield code="7">0</subfield>
    <subfield code="8">FA</subfield>
    <subfield code="a">APL</subfield>
    <subfield code="b">APL</subfield>
    <subfield code="c">REF</subfield>
    <subfield code="d">2023-08-01</subfield>
    <subfield code="e">ABC PVT.</subfield>
    <subfield code="g">1495.00</subfield>
    <subfield code="i">SGTU</subfield>
    <subfield code="o">618 H18K</subfield>
    <subfield code="p">FA11803</subfield>
    <subfield code="r">2023-08-01 00:00:00</subfield>
    <subfield code="w">2023-06-16</subfield>
    <subfield code="y">BK</subfield>
    <subfield code="k">16908</subfield>
  </datafield>
  <datafield tag="952" ind1=" " ind2=" ">
    <subfield code="0">0</subfield>
    <subfield code="1">0</subfield>
    <subfield code="2">ddc</subfield>
    <subfield code="4">0</subfield>
    <subfield code="7">0</subfield>
    <subfield code="8">FA</subfield>
    <subfield code="a">APL</subfield>
    <subfield code="b">APL</subfield>
    <subfield code="c">TXT</subfield>
    <subfield code="d">2023-08-01</subfield>
    <subfield code="e">ABC PVT.</subfield>
    <subfield code="g">1495.00</subfield>
    <subfield code="i">SGTU</subfield>
    <subfield code="l">1</subfield>
    <subfield code="o">618 H18K</subfield>
    <subfield code="p">FA11804</subfield>
    <subfield code="r">2025-05-27 00:00:00</subfield>
    <subfield code="s">2025-05-26</subfield>
    <subfield code="w">2023-06-16</subfield>
    <subfield code="y">BK</subfield>
    <subfield code="k">16908</subfield>
  </datafield>
  <datafield tag="952" ind1=" " ind2=" ">
    <subfield code="0">0</subfield>
    <subfield code="1">0</subfield>
    <subfield code="2">ddc</subfield>
    <subfield code="4">0</subfield>
    <subfield code="7">0</subfield>
    <subfield code="8">FA</subfield>
    <subfield code="a">APL</subfield>
    <subfield code="b">APL</subfield>
    <subfield code="c">TXT</subfield>
    <subfield code="d">2023-08-01</subfield>
    <subfield code="e">ABC PVT.</subfield>
    <subfield code="g">1495.00</subfield>
    <subfield code="i">SGTU</subfield>
    <subfield code="l">2</subfield>
    <subfield code="o">618 H18K</subfield>
    <subfield code="p">FA11805</subfield>
    <subfield code="r">2025-05-08 00:00:00</subfield>
    <subfield code="s">2025-05-08</subfield>
    <subfield code="w">2023-06-16</subfield>
    <subfield code="y">BK</subfield>
    <subfield code="k">16908</subfield>
  </datafield>
  <datafield tag="999" ind1=" " ind2=" ">
    <subfield code="c">24530</subfield>
    <subfield code="d">24530</subfield>
  </datafield>
</record>
